000 00670nam a2200217 u 4500
005 20240912063845.0
008 130207s2006 ag r 000 0 spa d
020 _a9876020137 (10 dígitos)
020 _a9789876020138 (13 dígitos)
035 _aUPN01000189458
049 _aI
050 4 _aPQ7798.22 A7.3
_bP5.3
100 1 _aLardone, Lilia,
_d1941-
_933518
245 1 4 _aLos Picucos /
_cLilia Lardone ; il. María Constanza Clocchiatti.
260 _aCórdoba, Arg. :
_bComunicarte,
_cc2006.
300 _a[22] p. :
_bil. col.
440 0 _aVaquita de San Antonio
650 4 _aCuentos infantiles argentinos
_97466
905 _aInfantil
999 _c161561
_d161561